WWE Memorable Moments - Statistics

General Stats
  • This quiz has been taken 20 times
  • The average score is 362 of 500
Answer Stats
Hint Answer % Correct
Master Of 5 Count Big E
100%
Ministry Of Darkness Members | NWO members (WWE) | Roman Reigns Best Rivals (Google) | +4 others Big Show
100%
Members of Nexus | Randy Orton Best Rivals (Google) | Roman Reigns Best Rivals (Google) | +2 others Bray Wyatt
100%
Drew McIntyre Best Rivals (Google) | John Cena's Best Rivals (Google) | King Of The Ring 2002 | +8 others Brock Lesnar
100%
Best In The World | John Cena's Best Rivals (Google) | MITB winner 2008 | +5 others CM Punk
100%
Seth Rollins Best Rivals (Google) | Superstars from WWE to AEW | The American Nightmare Cody Rhodes
100%
Bray Wyatt Best Rivals (Google) | MITB winner 2011 | Members of Nexus | +4 others Daniel Bryan
100%
Bray Wyatt Best Rivals (Google) | Lunatic Fringe | MITB winner 2016 | +3 others Dean Ambrose
100%
First Father Son Tag Team Champion | Seth Rollins Best Rivals (Google) Dominik Mysterio
100%
The American Dream Dusty Rhodes
100%
John Cena's Best Rivals (Google) | King Of The Ring 2001 | MITB winner 2005 | +11 others Edge
100%
Bray Wyatt Best Rivals (Google) | Brock Lesnar Best Rivals (Google) | Doctor Of Thuganomics | +8 others John Cena
100%
MITB winner 2010 | Roman Reigns Best Rivals (Google) | Undertaker's Brother (WWE) | Undertaker's streak Opponents Kane
100%
Brock Lesnar Best Rivals (Google) | John Cena's Best Rivals (Google) | King Of The Ring 2000 Kurt Angle
100%
Wyatt Family Members Luke Harper
100%
Bray Wyatt Best Rivals (Google) | Drew McIntyre Best Rivals (Google) | Evolution Members | +10 others Randy Orton
100%
619 | First Father Son Tag Team Champion | Seth Rollins Best Rivals (Google) | Who won Royal Rumble 2006 Rey Mysterio
100%
Bray Wyatt Best Rivals (Google) | Brock Lesnar Best Rivals (Google) | Drew McIntyre Best Rivals (Google) | +9 others Roman Reigns
100%
Bray Wyatt Best Rivals (Google) | Brock Lesnar Best Rivals (Google) | First NXT Champion | +8 others Seth Rollins
100%
D Generation X Members | Heartbreak Kid | NWO members (WWE) | +5 others Shawn Michaels
100%
Celtic Warrior | John Cena's Best Rivals (Google) | King Of The Ring 2010 | +5 others Sheamus
100%
Awesomeeee | Bray Wyatt Best Rivals (Google) | Drew McIntyre Best Rivals (Google) | +4 others The Miz
100%
Brock Lesnar Best Rivals (Google) | D Generation X Members | Evolution Members | +8 others Triple H
100%
Bray Wyatt Best Rivals (Google) | John Cena's Best Rivals (Google) | Randy Orton Best Rivals (Google) | +2 others AJ Styles
93%
League Of Nations Member | MITB winner 2011 | Who won Royal Rumble 2011 Alberto Del Rio
93%
The Eighth Wonder of the World Andre The Giant
93%
Evolution Members | John Cena's Best Rivals (Google) | Roman Reigns Best Rivals (Google) | +6 others Batista
93%
Stone Cold's favorite drink Beer
93%
King Of The Ring 2006 | NWO members (WWE) Booker T
93%
Lion Heart | Superstars from WWE to AEW Chris Jericho
93%
Randy Orton Best Rivals (Google) | Roman Reigns Best Rivals (Google) | Scottish Warrior | Who won Royal Rumble 2020 Drew McIntyre
93%
Latino Heat Eddie Guerrero
93%
Bray Wyatt Best Rivals (Google) | Brock Lesnar Best Rivals (Google) | Spear Goldberg
93%
First Wrestlemania Main Event | NWO members (WWE) | The Immortal | +2 others Hulk Hogan
93%
A Real American | MITB winner 2010 | Superstars from WWE to AEW Jack Swagger
93%
Modern Day Mahraja Jinder Mahal
93%
King Of The Ring 1996 | Rattle Snake | Triple H Best Rivals (Google) | +4 others Stone Cold Steve Austin
93%
WWE PPV's Wrestlemania
93%
He has won how many Royal Rumbles 2
86%
Brock Lesnar Best Rivals (Google) | MITB winner 2018 | Monster Among Men | +2 others Braun Strowman
86%
Excellence of Execution | King Of The Ring 1991 | King Of The Ring 1993 Bret Hart
86%
King Of Swing Cesaro
86%
Randy Orton Best Rivals (Google) | Who won Royal Rumble 2004 | Wild Pegasus Chris Benoit
86%
Big Daddy Cool Diesel
86%
Drew McIntyre Best Rivals (Google) | MITB winner 2012 | The Showoff Dolph Ziggler
86%
Superstars from WWE to AEW | Wyatt Family Members Erick Rowan
86%
Brock Lesnar finishing move F5
86%
Bray Wyatt Best Rivals (Google) | First Universal Champion | Roman Reigns Best Rivals (Google) | +3 others Finn Balor
86%
WWE PPV's Hell In A Cell
86%
The Snake Jake Roberts
86%
Superstars from WWE to AEW | The Charismatic Enigma Jeff Hardy
86%
NWO members (WWE) Kevin Nash
86%
Roman Reigns Best Rivals (Google) | Seth Rollins Best Rivals (Google) | Stone Cold's latest opponent Kevin Owens
86%
Superstars from WWE to AEW | Undertaker's streak Opponents | World's Strongest Man Mark Henry
86%
Stone Cold Debut Opponent | Superstars from WWE to AEW Matt Hardy
86%
First WWE Hardcore Champion | Randy Orton Best Rivals (Google) | Triple H Best Rivals (Google) Mick Foley
86%
WWE PPV's Money In The Bank
86%
King Of The Ring 1994 Owen Hart
86%
Evolution Members | The Dirtiest Player In The Game | The Four Horsemen | +2 others Ric Flair
86%
WWE PPV's Royal Rumble
86%
D Generation X Members | Ministry Of Darkness Members | Shane O Mac Shane Mcmahon
86%
WWE PPV's Summer Slam
86%
Punjabi Playboy The Great Khali
86%
John Cena's Best Rivals (Google) | The People's Champ | Triple H Best Rivals (Google) | Who won Royal Rumble 2000 The Rock
86%
WWE PPV's TLC
86%
Who won Royal Rumble 1999 Vince Mcmahon
86%
League Of Nations Member Wade Barret
86%
Brock Lesnar Debut year 2002
79%
King Of The Ring 2019 | Lone Wolf | MITB winner 2017 | Roman Reigns Best Rivals (Google) Baron Corbin
79%
MITB winner 2021 | Spear Big E
79%
Drew McIntyre Best Rivals (Google) | Spear | The Almighty Bobby Lashley
79%
The Rock teamed with | Undertaker's streak Opponents Jake The Snake Roberts
79%
Undertaker's Manager Paul Bearer
79%
D Generation X Members Road Dogg
79%
First Wrestlemania Main Event | Hot Rod Roddy Piper
79%
League Of Nations Member | Superstars from WWE to AEW Rusev
79%
Members of Nexus | The Big Guy Ryback
79%
Big Poppa Pump
Scott Steiner
79%
King of Strong Style | Who won Royal Rumble 2018 Shinsuke Nakamura
79%
Stone Cold's finishing move Stunner
79%
Roman Reigns' faction The Shield
79%
Brock Lesnar Best Rivals (Google) | Ministry Of Darkness Members | Randy Orton Best Rivals (Google) | Triple H Best Rivals (Google) The Undertaker
79%
Undertaker's Finishing Move Tombstone
79%
D Generation X Members | NWO members (WWE) X Pac
79%
Undertaker Debut Year 1990
71%
The Rock Debut Match in which year 1996
71%
Undertaker's streak was broken in which year 2014
71%
WWE PPV's Backlash
71%
Who won Royal Rumble 1989 Big John Studd
71%
Captain Charisma | Ministry Of Darkness Members | Randy Orton Best Rivals (Google) | Superstars from WWE to AEW Christian
71%
Undertaker is popularly known as Deadman
71%
Longest Reigning Intercontinental Champion Honky Tonk Man
71%
Nitro John Morrison
71%
MITB winner 2020 Otis
71%
The Bad Guy Razor Ramon
71%
The Rock made his Debut in which ppv | Undertaker Debut PPV | WWE PPV's Survivor Series
71%
The Samoan Bulldozer
Umaga
71%
Who won Royal Rumble 2007 Undertaker
71%
King Of The Ring 2022 Xavier Woods
71%
Stone Cold Debut Match in which year 1989
64%
Longest Reigning NXT Champion | Superstars from WWE to AEW Adam Cole
64%
The Four Horsemen Arn Anderson
64%
D Generation X Members | King Of The Ring 1999 | Superstars from WWE to AEW Billy Gunn
64%
First ever match Bruno Sammartino.
64%
Longest Reigning World Champion Bruno Sammartino
64%
Members of Nexus David Otunga
64%
WWE Match Types Elimination Chamber
64%
WWE Match Types | WWE PPV's Extreme Rules
64%
Undertaker's streak Opponents Giant Gonzalez
64%
Superstars from WWE to AEW | The Rock's debut opponents Goldust
64%
Members of Nexus Heath Slater
64%
First Ever Royal Rumble Winner | Who won Royal Ruble 1988 Jim Duggan
64%
Members of Nexus Justin Gabriel
64%
Longest Reigning United States Champion Lex Luger
64%
The Four Horsemen Ole Anderson
64%
King Of The Ring 1987 Randy Savage
64%
MITB winner 2006 | Randy Orton Best Rivals (Google) Rob Van Dam
64%
Triple H's Favorite Weapon Sledgehammer
64%
Undertaker's streak Opponents Sycho Sid
64%
Roman Reigns' faction The Bloodline
64%
Who won Royal Rumble 1993 Yokozuna
64%
WWE PPV's Armageddon
57%
First European Champion | Longest Reigning European Champion British Bulldog
57%
Superstars from WWE to AEW Brodie Lee
57%
MITB winner 2013 Damien Sandow
57%
Ministry Of Darkness Members Faarooq
57%
John Cena's Best Rivals (Google) JBL
57%
First Wrestlemania Championship Match Junkyard Dog
57%
Superstars from WWE to AEW Keith Lee
57%
The Limitless Kieth Lee
57%
First Intercontinental Champion Pat Patterson
57%
Spear Rhyno
57%
NWO members (WWE) Scott Hall
57%
King Of The Ring 1988 Ted Dibiase
57%
First 24/7 Champion Titus O'Neil
57%
King Of The Ring 2008 | Superstars from WWE to AEW William Regal
57%
Sting's Favorite Weapon Baseball Bat
50%
First ever match Buddy Rodgers .
50%
First World Champion Buddy Rogers
50%
The Masterpiece
Chris Masters
50%
Members of Nexus Curtis Axel
50%
WWE PPV's Fastlane
50%
WWE Match Types Ladder Match
50%
Roman Reigns suffered from which cancer Leukemia
50%
MITB winner 2007 Mr Kennedy
50%
First Wrestlemania Main Event Mr T
50%
WWE PPV's No Mercy
50%
First Wrestlemania Main Event Paul Orndorff
50%
The Rock's Debut In Ring Name Rocky Maivia
50%
Superstars from WWE to AEW Samoa Joe
50%
Stone Cold's custom title belt Smoking Skull
50%
WWE Match Types Tag Team Match
50%
King Of The Ring 2015 | Members of Nexus Wade Barrett
50%
Superstars from WWE to AEW Aleister Black
43%
Superstars from WWE to AEW Andrade
43%
The Beast From The East Bam Bam Bigelow
43%
WWE Match Types Battle Royal Match
43%
Brock Lesnar is also known as Beast Incarnate
43%
Undertaker's Favorite match | WWE Match Types Casket Match
43%
Members of Nexus Darren Young
43%
Ministry Of Darkness Members Gangrel
43%
WWE Match Types Hell In A Cell Match
43%
WWE Match Types Iron Man Match
43%
Undertaker's streak Opponents Jimmy Snuka
43%
Members of Nexus Mason Ryan
43%
WWE PPV's Payback
43%
D Generation X Members Rick Rude
43%
WWE Match Types Royal Rumble Match
43%
WWE Match Types Steel Cage Match
43%
WWE Match Types Tables Match
43%
The Four Horsemen Tully Blanchard
43%
WWE Match Types Ambulance Match
36%
Undertaker's streak Opponents A Train
36%
Dean Ambrose Weapon Barbed Wire Bat
36%
Longest Reigning Hardcore Champion | Undertaker's streak Opponents Big Boss Man
36%
Superstars from WWE to AEW Bobby Fish
36%
Who won Royal Rumble 1994 Bret Hart and Lex Luger
36%
John Cena's Favorite Weapon Chain
36%
King Of Song Style Elias
36%
First Wrestlemania Championship Match Greg Valentine
36%
First United States Champion | King Of The Ring 1986 Harley Race
36%
WWE Match Types I Quit Match
36%
King Of The Ring 1998 Ken Shamrock
36%
King Of The Ring 1995 Mabel
36%
Superstars from WWE to AEW Neville
36%
WWE PPV's Over The Edge
36%
Drew McIntyre's Favorite Weapon Sword
36%
WWE PPV's The Great American Bash
36%
First Wrestlemania Match | King Of The Ring 1989 Tito Santana
36%
WWE Match Types Triple Threat Match
36%
Ministry Of Darkness Members Viscera
36%
Undertaker's streak record 18
29%
Ministry Of Darkness Members Bradshaw
29%
WWE PPV's Bragging Rights
29%
WWE Match Types Falls Count Anywhere
29%
WWE Match Types Fatal Four Way Match
29%
WWE Match Types First Blood Match
29%
WWE Match Types Inferno Match
29%
Undertaker's streak Opponents King Kong Bundy
29%
Superstars from WWE to AEW Kyle O’Reilly
29%
Members of Nexus Michael Tarver
29%
WWE PPV's Night Of Champions
29%
Big Boss Man's Favorite Weapon Nightstick
29%
WWE PPV's No Way Out
29%
WWE PPV's Roadblock
29%
Sandman's Weapon Singapore Cane
29%
WWE Match Types Street Fight
29%
WWE Match Types Submission Match
29%
First Wrestlemania Match The Executioner
29%
WWE PPV's Breaking Point
21%
Spear Bron Breaker
21%
WWE Match Types Buried Alive Match
21%
WWE PPV's Cyber Sunday
21%
King Of The Ring 1985 Don Muraco
21%
Superstars from WWE to AEW Evan Bourne
21%
WWE PPV's Fully Loaded
21%
King Of The Ring 1997 Hunter Hearst Helmsley
21%
The Rock's debut opponents Jerry Lawler
21%
WWE PPV's Judgement Day
21%
WWE Match Types Last Man Standing Match
21%
The Rock teamed with Marc Mero
21%
Ministry Of Darkness Members Mideon
21%
D Generation X Members Mike Tyson
21%
Superstars from WWE to AEW MJF
21%
WWE Match Types No Holds Barred
21%
Mick Foley's Favorite Weapon Socko
21%
WWE PPV's Super Show Down
21%
WWE Match Types Survivor Series Match
21%
Superstars from WWE to AEW Tye Dillinger
21%
Undertaker's Weapon Urn
21%
WWE Match Types Bra And Panties Match
14%
Superstars from WWE to AEW Buddy Murphy
14%
WWE PPV's Crown Jewel
14%
The Rock's debut opponents Crush
14%
WWE Match Types Item On Pole Match
14%
Superstars from WWE to AEW Luchasaurus
14%
WWE Match Types Lumberjack Match
14%
WWE PPV's Rebellion
14%
WWE Match Types Strap match
14%
WWE PPV's Takeover
14%
WWE Match Types Texas Tornado Match
14%
WWE PPV's The Bash
14%
The Rock teamed with The Stalker
14%
WWE PPV's Unforgiven
14%
WWE PPV's Arrival
7%
Undertaker's Bike Character name Badass
7%
WWE PPV's Battlegrounds
7%
Superstars from WWE to AEW Chris Guy
7%
WWE PPV's Elimanation Chamber
7%
WWE Match Types Flag Match
7%
WWE Match Types Gauntlet Match
7%
WWE PPV's Greatest Royal Rumble
7%
D Generation X Members Homswoggle
7%
Superstars from WWE to AEW Jake Atlas
7%
Superstars from WWE to AEW Lance Archer
7%
Superstars from WWE to AEW Lio Rush
7%
First Venue Morges, Switzerland.
7%
Superstars from WWE to AEW Nick Comoroto
7%
Superstars from WWE to AEW Shane ‘Swerve’ Strickland
7%
WWE PPV's Stand and Deliver
7%
WWE PPV's Stomping Grounds
7%
WWE Match Types Three Stages Of Hell Match
7%
Superstars from WWE to AEW Tony Nese
7%
Superstars from WWE to AEW Trent Beretta
7%
WWE Match Types Winner Takes All Match
7%
No matching quizzes found
Score Distribution
Percent of People with Each Score
Percentile by Number Answered
Your Score History
You have not taken this quiz